La historia de los Mundiales : México 86 /

Colección sobre la historia de la Copa Mundial de Futbol, de la que han sido identificados al menos diez volúmenes: tres giran en torno a las ediciones del Mundial celebradas en México en 1970 y 1986 y en Alemania en 2006; dos más están dedicados a los mejores goles y los jugadores más relevantes en...

Descrición completa

Gardado en:
Detalles Bibliográficos
Formato: Deslizar
Idioma:Lingua castelá
Series:(Historia de los Mundiales Zima Entertainment)
Temas:
Etiquetas: Engadir etiqueta
Sen Etiquetas, Sexa o primeiro en etiquetar este rexistro!

MARC

LEADER 00000ngm^a2200000^a^4500
001 000308583
005 20250521000000.0
009 20260526135734.933
037 |a Acervo ITESO - Biblioteca 
041 |a ESP 
082 |a 796. 334668  |b ZIM V. 2 
240 1 4 |a [La historia de los Mundiales: Zima Entertainment] 
245 0 3 |a La historia de los Mundiales :  |b México 86 / 
264 |a lugar de publicación no identificado :  |b JR International,  |c fecha no identificada 
264 |a México :  |b Zima Entertainment [distribución],  |c copyright fecha no identificada 
264 |a lugar de publicación no identificado :  |b JR International,  |c fecha no identificada 
264 |a México :  |b Zima Entertainment [distribución],  |c copyright fecha no identificada 
300 |a 1 DVD regiones 1 y 4  |c (108 min.) 
336 |a imagen móvil bidimensional  |b tdi  |2 rdacontenido 
337 |a video  |b v  |2 rdamedio 
338 |a videodisco  |b vd  |2 rdasoporte 
440 1 |a (Historia de los Mundiales Zima Entertainment) 
520 |a Colección sobre la historia de la Copa Mundial de Futbol, de la que han sido identificados al menos diez volúmenes: tres giran en torno a las ediciones del Mundial celebradas en México en 1970 y 1986 y en Alemania en 2006; dos más están dedicados a los mejores goles y los jugadores más relevantes en la historia del torneo; el brasileño Pelé y el argentino Diego Armando Maradona, considerado uno y otro por sus respectivos seguidores y también por diferentes expertos como el mejor futbolista de la historia, son los protagonistas de dos entregas más; las participaciones de México en la Copa una compilación de momentos chuscos y jugadas insólitas y una historia del futbol cierran los diez tomos. La colección está formada por reportajes documentales con duraciones muy variadas, que van desde los 42 hasta los 110 minutos, destinados seguramente para la transmisión por televisión y la distribución en formatos domésticos. 
520 |a La presente entrega es la más larga de la colección y se refiere a la XIII Copa Mundial México 1986, celebrada menos de un año después que el país –muy especialmente la capital- hubiese sufrido un terremoto de graves consecuencias el 19 de septiembre de 1985. La Copa finalizó con el triunfo de la selección nacional de Argentina y supuso el momento culmen de la carrera de Diego Armando Maradona. 
520 |a Suplementos y características especiales: 1) Galería animada con diez imágenes, la mayor parte de Maradona, del reportaje documental (49 seg.). 
546 |a Doblaje al español 
649 |a XX 
650 |a Futbol -  |z Argentina -  |x Historia -  |y 1983-1989 
650 |a Futbol -  |z Argentina -  |x Historia -  |y Siglo XX 
650 |a Futbol -  |z México -  |x Historia -  |y 1982-1988 
650 |a Futbol -  |z México -  |x Historia -  |y Siglo XX 
650 |a Mundial de Futbol -  |z México -  |x Tema Principal 
650 |a Mundial de Futbol -  |x Historia -  |x Tema Principal 
650 |a Futbol -  |x Competencias -  |x Historia 
650 |a Futbol -  |x Historia -  |y Siglo XX 
650 |a Deportes -  |z Argentina -  |x Historia -  |y 1983-1989 
650 |a Deportes -  |z Argentina -  |x Historia -  |y Siglo XX 
650 |a Deportes -  |z México -  |x Historia -  |y 1982-1988 
650 |a Deportes -  |z México -  |x Historia -  |y Siglo XX 
650 |a Campeonatos Deportivos -  |x Historia 
650 |a Deportes -  |x Historia -  |y Siglo XX 
910 |a Fondo General 
920 |a Audiovisuales - DVDs 
905 |a 302 
901 |a 0500194601  |b IT2  |c DVS  |i C125834  |u 20250521 
902 |a https://opac.biblio.iteso.mx/vufind/Record/000308583